Missing Word: 'G' Movies Quiz Stats

 Plays Quiz Updated Jul 9, 2015

Challenge
Share
Tweet
Embed
Score 0/20 Timer 02:00
4 Plays Today
Movie Missing Word % Correct
______ With The WindGone
98%
______ Will HuntingGood
98%
The ______ EscapeGreat
97.8%
The ______ MileGreen
96.1%
______ Who’s Coming To DinnerGuess
94.6%
______ TorinoGran
94.1%
______ Of The JungleGeorge
93.2%
The ______ Of WrathGrapes
90.7%
______ RiderGhost
84%
______ Of New YorkGangs
83.1%
Movie Missing Word % Correct
______ Old MenGrumpy
83.1%
______, InterruptedGirl
83%
______ Him To The GreekGet
82.4%
______ Of The GalaxyGuardians
81.8%
______ Ups Grown
78.5%
______ In The MistGorillas
73%
______ StateGarden
62.6%
______ DayGroundhog
56.5%
______ RoadGlory
32.6%
The ______ HouseGlass
15.4%

Today's Daily Dose

You're not logged in!

Compare scores with friends on all Sporcle quizzes.
Join for Free
OR
Log In

You Might Also Like...

Show Comments

Extras

Top Quizzes Today


Score Distribution

Your Account Isn't Verified!

In order to create a playlist on Sporcle, you need to verify the email address you used during registration. Go to your Sporcle Settings to finish the process.

Report this User

Report this user for behavior that violates our Community Guidelines.

Details: